| 000 | 01279nam a2200241Ia 4500 | ||
|---|---|---|---|
| 003 | OSt | ||
| 005 | 20200903232937.0 | ||
| 008 | 191128s2015 ck a gr 000 0 spa d | ||
| 040 |
_aCO-JMCR _cCO-JMCR |
||
| 041 | 0 | _aspa | |
| 082 | 0 | 4 |
_a362.4 / _bR763g _223 |
| 100 | 1 |
_aRomero Acevedo, Tatiana, _eautora _99803 |
|
| 245 | 1 | 0 |
_aGuía de atención a las personas con discapacidad en el acceso a la justicia / _cTatiana Romero Acevedo, Carolina Mendivelso, Aura Carmela Cabrera Miranda [y otros 18] |
| 260 |
_aBogotá : _bMinisterio de Justicia y del Derecho : Ministerio de Salud y Protección Social, _c[2015] |
||
| 300 |
_a62 páginas : _bilustraciones a color ; _c22 cm. |
||
| 504 | _aBibliografía: páginas 61-62 | ||
| 505 | 0 | _aLa administración de justicia en Colombia -- Modelos históricos de discapacidad -- Enfoques adoptados en la política pública de discapacidad e inclusión social en Colombia -- Categorías de discapacidad -- Uso de términos adecuados -- Marco normativo de la | |
| 650 | 1 | 4 |
_aPersonas con discapacidad _xcondiciones sociales _zColombia _99804 |
| 650 | 1 | 4 |
_aAtención a personas con discapacidad _zColombia _99805 |
| 700 | 1 |
_aMendivelso, Carolina, _eautora _99806 |
|
| 700 | 1 |
_aCabrera Miranda, Aura Carmela, _eautora _99807 |
|
| 942 |
_2ddc _cBK |
||
| 999 |
_c3916 _d3916 |
||